Cláusulas especiales del contrato de trabajo

Salvato in:
Dettagli Bibliografici
Autore principale: Osses Silva, Claudio (autor)
Natura: Sconosciuto
Pubblicazione: Santiago, Chile: DER Ediciones, 2023.
Serie:Cuadernos Jurídicos
Soggetti:
Tags: Aggiungi Tag
Nessun Tag, puoi essere il primo ad aggiungerne!!

MARC

LEADER 00000 a2200000 4500
003 CL-VaPUC
005 20230913165359.0
008 230907t2023 ||||| |||| 00| 0 eng d
999 |c 441750  |d 441748 
020 |a 9789564051550 
040 |c Pontificia Universidad Católica de Valparaíso 
082 0 4 |2 21  |a 344.01891 OSS 2023 
100 1 |a Osses Silva, Claudio   |e autor  |9 884488 
245 1 0 |a Cláusulas especiales del contrato de trabajo 
260 |a Santiago, Chile:  |b DER Ediciones,  |c 2023. 
300 |a 440 páginas 
490 0 |a Cuadernos Jurídicos 
583 |k GC  |c 20230907 
650 1 |a Contratos de trabajo  |9 254966 
650 1 |a Derecho laboral  |9 15 
942 |2 ddc  |c BK 
952 |0 0  |1 0  |2 ddc  |4 0  |6 344_018910000000000_OSS_2023  |7 0  |8 A  |9 591449  |a BIBDER  |b BIBDER  |c GEN  |d 2023-09-05  |e 22  |g 50000.00  |i 5658574  |l 3  |m 1  |o 344.01891 OSS 2023  |p 5658574  |r 2024-11-15  |s 2024-11-08  |t 1  |v 50000.00  |w 2023-09-05  |y BK  |k DER